WRITING THE TECHNICAL REPORT (Record no. 583175)

000 -LEADER
fixed length control field 00251nam a22001097a 4500
082 ## - DEWEY DECIMAL CLASSIFICATION NUMBER
Classification number 808.066 NEL'W
100 ## - MAIN ENTRY--PERSONAL NAME
Personal name NELSON, J. R
9 (RLIN) 78014
245 ## - TITLE STATEMENT
Title WRITING THE TECHNICAL REPORT
260 ## - PUBLICATION, DISTRIBUTION, ETC.
Place of publication, distribution, etc. NEWYORK
Name of publisher, distributor, etc. MCGRAW HILL
Date of publication, distribution, etc. 1940
300 ## - PHYSICAL DESCRIPTION
Extent 373P
942 ## - ADDED ENTRY ELEMENTS (KOHA)
Koha item type Book
Holdings
Withdrawn status Lost status Source of classification or shelving scheme Damaged status Not for loan Permanent Location Current Location Shelving location Date acquired Shelving control number Full call number Barcode Date last seen Price effective from Koha item type Public note Total Checkouts
          College of Electrical & Mechanical Engineering (CEME) College of Electrical & Mechanical Engineering (CEME) Fiction 02/27/2017 English Literature 808.066 NEL'W CEME-1806 06/28/2021 06/28/2021 Book CART-4  
          College of Electrical & Mechanical Engineering (CEME) College of Electrical & Mechanical Engineering (CEME) Fiction 01/23/2026 English Literature 808.066 NEL'W CEME-1807 01/23/2026 01/23/2026 Book CART-4  
© 2023 Central Library, National University of Sciences and Technology. All Rights Reserved.